LEADER 00922nam a2200181 i 4500 001 000000212359 003 CaOOAMICUS 005 20120407000000.0 008 120407s1959 xx u000 u spa u 013 $a191190 040 $aSeMil$bita 245 10$aReligiosos (sesiones particulares) ; Religiosas ; Institutos seculares. 300 $a1022 p. 650 4$aPerfezione cristiana.$0(OLS)http://semarc/subject/2090 773 0 $tActas del Congreso Nacional de Perfeccion y Apostolado celebrado bajo la presidencia del Emmo. Sr. Cardenal Valerio Valeri prefecto del la sda. C. de Religiosos en Madrid del 23 de septiembre al 3 de octubre de 1956.$dMadrid : Editorial Coculsa, 1957-1959.$gVol.4$w()26577 850 $aSeMil 852 $aSeMil$W1$xVenegono$y1$m2C V 143$j162793$B162793$CSeMilBibl$Z2$F173948 $81 996 $6245$aReligiosos (sesiones particulares) ; Religiosas ; Institutos seculares$9(OLS)http://semarc/title/306647 LEADER 01097nam a2200265 i 4500 001 000000223943 003 CaOOAMICUS 005 20131022000000.0 008 131022s2013 it u000 u ita u 013 $a202841 020 $a978-88-6244-239-8 040 $aSeMil$bita 100 1 $aOsella, Carla.$0(OLS)http://semarc/name/78052 245 10$aRom e Sinti :$bil genocidio dimenticato /$cCarla Osella. 260 $aTodi (PG) :$bTau Editrice,$c2013. 300 $aXVI, 238 p. ;$c24 cm. 490 0 $aQuaderni della Fondazione Migrantes ;$v2 650 4$aRom e Sinti - Storia.$0(OLS)http://semarc/subject/40955 830 0$aQuaderni della Fondazione Migrantes ;$v2.$0(OLS)http://semarc/title/39270 850 $aSeMil 852 $aSeMil$W1$xVenegono$y1$m3V IV 127$j174289$B174289$CSeMilBibl$Z2$F185822 $81 961 $aOmaggio: Delpini mons. Mario 996 $6020$a978-88-6244-239-8$9(OLS)http://semarc/number/224242 996 $6245$aRom e Sinti :$bil genocidio dimenticato$9(OLS)http://semarc/title/321050 996 $6260$aTodi (PG) :$bTau Editrice$9(OLS)http://semarc/publisher/35322